Top 25 Wrestling Factions - Statistics

General Stats
  • This quiz has been taken 79 times
  • The average score is 13 of 25
Answer Stats
Rank Faction Members % Correct
1 new World order Hulk Hogan, Scott Hall, Kevin Nash, Randy Savage, The Giant, Konnan, Eric Bischoff, Syxx, Scott Steiner, Lex Luger
86%
4 The Bloodline Roman Reigns, Paul Heyman, Jimmy Uso, Jey Uso, Solo Sikoa, Sami Zayn, The Rock
84%
7 The Hart Foundation Bret Hart, Owen Hart, The British Bulldog, Jim Neidhart, Brian Pillman
83%
8 Evolution Triple H, Ric Flair, Randy Orton, Batista
79%
16 The Nexus Wade Barrett, David Otunga, Skip Sheffield, Justin Gabriel, Heath Slater, Michael Tarver, Daniel Bryan, CM Punk, Bray Wyatt, Curtis Axel
79%
2 The Four Horsemen Ric Flair, Arn Anderson, Ole Anderson, Tully Blanchard, J.J. Dillon, Lex Luger, Barry Windham, Sid Vicious, Chris Benoit, Brian Pillman
78%
3 D-Generation X Shawn Michaels, Triple H, Chyna, Road Dogg, Billy Gunn, X-Pac
72%
12 The Bullet Club Prince Devitt, Kenny Omega, AJ Styles, Matt Jackson, Nick Jackson, Jay White, Doc Gallows, Karl Anderson
67%
5 The Corporation The Rock, Triple H, Kane, Ken Shamrock, Big Boss Man, Pat Patterson, Gerald Brisco
67%
18 The Ministry of Darkness Undertaker, Paul Bearer, Bradshaw, Faarooq, Mideon, Viscera, Edge, Christian, Gangrel
66%
14 The Authority Triple H, Stephanie McMahon, Vince McMahon, Randy Orton, Corporate Kane, Seth Rollins, The Big Show, Rusev, Mark Henry
64%
13 The Nation Of Domination Faarooq, Savio Vega, Crush, D'Lo Brown, Mark Henry, The Godfather, Owen Hart, The Rock
64%
11 The Elite Cody, Nick Jackson, Matt Jackson, Kenny Omega, Hangman Adam Page, Jack Perry
48%
19 The Undisputed Era Adam Cole, Bobby Fish, Kyle O'Reilly, Roderick Strong
45%
9 The Alliance Stephanie McMahon, Shane McMahon, Booker T, Rob Van Dam, D-Von Dudley, Bubba Ray Dudley, Stone Cold Steve Austin
41%
15 Aces & Eights Bully Ray, Brother Devon, Mr. Anderson, Knux, Doc Gallows, Garrett Bischoff, Wes Brisco
38%
21 Blackpool Combat Club William Regal, Bryan Danielson, Jon Moxley, Claudio Castagnoli, Wheeler Yuta
38%
24 The Main Event Mafia Kevin Nash, Kurt Angle, Booker T, Scott Steiner, Samoa Joe, Sting, Taz, Sharmell
38%
6 The Heenan Family Bobby "The Brain" Heenan, Andre The Giant, Hercules, Harley Race, Big John Studd, King Kong Bundy, Rick Rude, Paul Orndorff, Anderson Blanchard, Tully Blanchard, King Haku
34%
17 The Inner Circle Chris Jericho, Sammy Guevara, Jake Hager, Santana, Ortiz
34%
10 The Dangerous Alliance Paul E, Ravishing Rick Rude, Larry Zbyszko, Arn Anderson, Bobby Eaton, Stunning Steve Austin
26%
25 Immortal Hulk Hogan, Eric Bischoff, Jeff Hardy, Ric Flair, Abyss, Jeff Jarrett, Matt Hardy, Scott Steiner
22%
22 The Revolution Shane Douglas/Eddie Guerrero, Chris Benoit, Perry Saturn and Dean Malenko
14%
23 The Dudes With Attitude Sting, Lex Luger, El Gigante, Rick Steiner, Scott Steiner, Paul Orndorff, The Junkyard Dog, Rocky King
7%
20 Devastation Inc. General Skandor Akbar, Kamala, Dick Murdoch, King Kong Bundy, Abdullah The Butcher, Cactus Jack, Steve Austin
2%
No matching quizzes found
Score Distribution
Percent of People with Each Score
Percentile by Number Answered
Your Score History
You have not taken this quiz